Music Quiz

Random Music or Song Quiz

Quick Pick: Dream Songs Quiz Stats

 Plays Quiz not verified by Sporcle

Score 0/15 Timer 01:30
3 Plays Today
% Correct
California
91.5%
Sweet
91.5%
Over
90.2%
You
88.4%
Believer
86.6%
Car
84.8%
On
76.6%
River
76.6%
% Correct
Teenage
75.9%
Life
74.1%
Lover
67.9%
These
63.2%
Wildest
63.2%
Weaver
62.9%
Baby
43.1%

You're not logged in!

Compare scores with friends on all Sporcle quizzes.
OR
Log In

Show Comments

Extras

Top Quizzes Today


Score Distribution

Your Account Isn't Verified!

In order to create a playlist on Sporcle, you need to verify the email address you used during registration. Go to your Sporcle Settings to finish the process.

Report this User

Report this user for behavior that violates our Community Guidelines.

Details: